|
|
|
|
| LEADER |
00000cam a2200000 a 4500 |
| 001 |
vtls001330182 |
| 003 |
SK-MaSNL |
| 005 |
20260311125854.0 |
| 008 |
210928s1989 xr 0|100 cze |
| 020 |
|
|
|a 8020002065
|q (viazané)
|
| 035 |
|
|
|a SNK000283043
|
| 040 |
|
|
|a SNK
|b slo
|c SNK
|e AACR2
|
| 041 |
0 |
|
|a cze
|b eng
|b fre
|
| 043 |
|
|
|a e-ne---
|a e-cs---
|
| 044 |
|
|
|a xr
|c CZ
|
| 072 |
|
7 |
|a 75
|x Maliarstvo
|2 konspekt
|
| 072 |
|
7 |
|a 72/76
|x Výtvarné umenie
|2 konspekt
|
| 080 |
|
|
|a 75(492)
|2 2011
|
| 080 |
|
|
|a 72/76
|2 2011
|
| 080 |
|
|
|a 069.5
|2 2011
|
| 080 |
|
|
|a (492)
|2 2011
|
| 080 |
|
|
|a (437)
|2 2011
|
| 080 |
|
|
|a (084.11)
|2 2011
|
| 100 |
1 |
|
|a Vacková, Jarmila,
|d 1930-2011
|4 aut
|9 457667
|
| 245 |
1 |
|
|a Nizozemské malířství 15. a 16. století
|b československé sbírky
|c Jarmila Vacková
|
| 250 |
|
|
|a Vydání 1.
|
| 260 |
|
|
|a Praha
|b Academia
|c 1989
|
| 300 |
|
|
|a 453 s.
|b ilustrácie (niektoré farebné), portréty
|c 30 cm
|
| 366 |
|
|
|e 10 000 kusov
|
| 500 |
|
|
|a Obsahuje diela nachádzajúce sa v českých galériách a múzeách
|
| 504 |
|
|
|a Obsahuje registre a poznámky
|
| 546 |
|
|
|a Anglické a francúzske resumé
|
| 648 |
|
7 |
|a 15.-16. storočie
|2 SNKPH
|9 300961
|
| 648 |
|
7 |
|a 15th-16th centuries
|2 SNKPHeng
|9 318353
|
| 650 |
0 |
7 |
|a holandské maliarstvo
|2 SNKPH
|9 3116
|
| 650 |
0 |
7 |
|a výtvarné umenie
|2 SNKPH
|9 723
|
| 650 |
0 |
7 |
|a múzejné zbierky
|2 SNKPH
|9 69988
|
| 650 |
0 |
7 |
|a Dutch painting
|2 SNKPHeng
|9 306378
|
| 650 |
0 |
7 |
|a Fine art
|2 SNKPHeng
|9 265088
|
| 650 |
0 |
7 |
|a Museum collections
|2 SNKPHeng
|9 265953
|
| 651 |
|
7 |
|a Holandsko
|2 SNKPHgeo
|9 17433
|
| 651 |
|
7 |
|a Československo
|2 SNKPHgeo
|9 21376
|
| 651 |
|
7 |
|a Netherlands
|2 SNKPHeng
|9 300241
|
| 651 |
|
7 |
|a Czechoslovakia
|2 SNKPHeng
|9 265183
|
| 655 |
|
7 |
|a obrazové publikácie
|2 SNKPH
|9 70343
|
| 655 |
|
7 |
|a Pictorial works
|2 SNKPHeng
|9 284468
|
| 852 |
|
|
|a Akadémia umení v Banskej Bystrici
|
| 919 |
|
|
|a 80-200-0206-5
|
| 958 |
|
|
|a RK
|
| 958 |
|
|
|a OND
|
| 999 |
|
|
|c 718006
|d 719936
|
| 952 |
|
|
|t P60, <04>, [BOOK], {604}
|a SNK
|b SNK
|y VYP
|7 0
|p 17A0413731
|o snkIB 63946
|i snkKIP 4059/90
|0 0
|1 0
|4 0
|d 1998-05-05
|l 0
|r 2005-01-02 00:00:00
|w 2026-02-23
|
| 952 |
|
|
|t P60, <04>, [BOOK], {604}
|a SNK
|b SNK
|y VYP
|7 0
|p 17A0321207
|o snkIB 63946 D1
|i snkKIP 4060/90
|0 0
|1 1
|4 0
|d 1998-05-05
|l 0
|r 2005-01-02 00:00:00
|w 2026-02-23
|